[Event "Irish Championship 2018"]
[Site "Dublin IRL"]
[Date "2018.08.04"]
[Round "1.1"]
[White "Baburin, Alexander"]
[Black "Melaugh, Shane"]
[Result "1-0"]
[WhiteTitle "GM"]
[WhiteElo "2458"]
[BlackElo "2086"]
[WhiteICU "2428"]
[BlackICU "2111"]
[WhiteClub "Kilkenny"]
[BlackClub "Elm Mount"]
[WhiteNationality "IRL"]
[BlackNationality "IRL"]
[WhiteFideId "2500914"]
[BlackFideId "2509580"]
[PlyCount "91"]
[EventDate "2018.08.04"]
[Source "TWIC 1240"]

{ Event information: <a
href="https://www.irlchess.com/irlch2018_allfiles/pairings_irlch2018.html">Tournament
report</a>. }

1. d4 Nf6 2. Nf3 e6 3. g3 b6 4. Bg2 Bb7 5. O-O Be7 6. c4 O-O 7. Nc3 Ne4 8.
Bd2 d6 9. d5 Nxc3 10. Bxc3 e5 11. e4 Bc8 12. Nd2 a5 13. f4 Bf6 14. f5 Na6
15. Qe2 Nc5 16. Nb3 Na4 17. Be1 Ba6 18. Bf2 Rc8 19. Rac1 c6 20. Rfd1 cxd5
21. Rxd5 Qe7 22. Nxa5 bxa5 23. Rxa5 Bxc4 24. Rxc4 Rxc4 25. Qxc4 Nxb2 26.
Qc2 Qb7 27. Bf1 Rc8 28. Qb1 Qc7 29. Rb5 Na4 30. Qb3 Nc5 31. Bxc5 dxc5 32.
Rb7 Qd6 33. Qxf7+ Kh8 34. Qd5 Qxd5 35. exd5 c4 $2 36. Bxc4 Kg8 37. Bb3 Kf8
38. d6 Rd8 39. d7 Ke7 40. Be6 e4 41. Rc7 Rb8 42. Rc8 Bd4+ 43. Kg2 Rb2+ 44.
Kh3 Bb6 45. Re8+ Kf6 46. Rb8 1-0

[Event "Irish Championship 2018"]
[Site "Dublin IRL"]
[Date "2018.08.04"]
[Round "1.2"]
[White "Kennedy, John P. A."]
[Black "Collins, Sam"]
[Result "0-1"]
[BlackTitle "IM"]
[WhiteElo "2077"]
[BlackElo "2445"]
[WhiteICU "1999"]
[BlackICU "2425"]
[WhiteClub "Dublin"]
[BlackClub "Gonzaga"]
[WhiteNationality "IRL"]
[BlackNationality "IRL"]
[WhiteFideId "2501120"]
[BlackFideId "2501198"]
[PlyCount "146"]
[EventDate "2018.08.04"]
[Source "TWIC 1240"]

{ Event information: <a
href="https://www.irlchess.com/irlch2018_allfiles/pairings_irlch2018.html">Tournament
report</a>. }

1. Nf3 Nf6 2. g3 d6 3. d4 g6 4. Bg2 Bg7 5. O-O O-O 6. a4 Na6 7. a5 c5 8. c3
Rb8 9. Nbd2 cxd4 10. Nxd4 Bd7 11. e4 Nc5 12. Qe2 a6 13. Re1 Re8 14. Nc4 e5
15. Nc2 Bb5 16. N2a3 Nb3 17. Rb1 Bxc4 18. Nxc4 Nxa5 19. Nxa5 Qxa5 20. Rd1
Rbd8 21. Bg5 h6 22. Bxf6 Bxf6 23. Rd5 Qb6 24. Rbd1 Kg7 25. h4 h5 26. Qd2
Be7 27. Bh3 Rh8 28. Kg2 Qb3 29. Kg1 Qb6 30. Kg2 Qb3 31. Kg1 Rhf8 32. Qe2
Rfe8 33. Qd2 Qc4 34. Qe3 Rf8 35. Qd3 Qxd3 36. R1xd3 f5 37. exf5 gxf5 38.
Rd2 Kg6 39. Bg2 b5 40. Bf1 Rc8 41. Be2 Rc6 42. Bf3 Rb6 43. Be2 Rc8 44. Kg2
Rcc6 45. Kg1 Bf6 46. Kg2 e4 47. f3 exf3+ 48. Kxf3 Be5 49. Bd3 Rc7 50. Rg2
Kf6 51. Rd2 Ke6 52. Bb1 Rg7 53. Ba2 Kf6 54. Rg2 Rg4 55. Bb3 Rb7 56. Rd1
Rbg7 57. Rdg1 f4 58. gxf4 Rxf4+ 59. Ke3 Rxg2 60. Rxg2 Rxh4 61. Rf2+ Kg5 62.
Be6 b4 63. Bc8 a5 64. Rg2+ Kf6 65. Rf2+ Ke7 66. Rc2 bxc3 67. bxc3 Rc4 68.
Ba6 Rxc3+ 69. Rxc3 Bxc3 70. Bc4 a4 71. Kf4 h4 72. Bd5 a3 73. Bc4 Be1 0-1

[Event "Irish Championship 2018"]
[Site "Dublin IRL"]
[Date "2018.08.04"]
[Round "1.3"]
[White "Lopez, Alex"]
[Black "Butler, Kevin C."]
[Result "1-0"]
[WhiteTitle "IM"]
[WhiteElo "2411"]
[BlackElo "2064"]
[WhiteICU "2476"]
[BlackICU "2000"]
[BlackClub "Phibsboro"]
[WhiteNationality "IRL"]
[BlackNationality "IRL"]
[WhiteFideId "2501430"]
[BlackFideId "2501538"]
[PlyCount "83"]
[EventDate "2018.08.04"]
[Source "TWIC 1240"]

{ Event information: <a
href="https://www.irlchess.com/irlch2018_allfiles/pairings_irlch2018.html">Tournament
report</a>. }

1. Nf3 Nf6 2. g3 g6 3. b3 Bg7 4. Bb2 O-O 5. Bg2 c5 6. c4 Nc6 7. O-O d6 8.
d4 cxd4 9. Nxd4 Bd7 10. Nc3 Nxd4 11. Qxd4 Bc6 12. Nd5 Ne8 13. Qd2 Bxb2 14.
Qxb2 e6 15. Ne3 Bxg2 16. Kxg2 f5 17. Rad1 Qc7 18. Rd4 Rf7 19. Rfd1 b6 20.
f3 g5 21. h4 Rg7 22. hxg5 Rxg5 23. Qd2 Qg7 24. Nf1 Rd8 25. Kf2 Rd7 26. Qe3
Qf6 27. Rh4 Rdg7 28. Rh3 R5g6 29. Qd4 Qf7 30. Ne3 Qf6 31. Nc2 Qxd4+ 32.
Nxd4 Rf6 33. Nb5 Rd7 34. Rh4 a6 35. Nc3 Nc7 $2 (35... Rg6 $16) 36. Na4 $18
b5 37. Nc5 Re7 38. Rxd6 bxc4 39. Rxc4 Rh6 40. Nxa6 Nd5 41. Rh4 Rxh4 42.
gxh4 1-0

[Event "Irish Championship 2018"]
[Site "Dublin IRL"]
[Date "2018.08.04"]
[Round "1.4"]
[White "Fox, Anthony"]
[Black "Jessel, Stephen"]
[Result "1-0"]
[BlackTitle "FM"]
[WhiteElo "2046"]
[BlackElo "2346"]
[WhiteICU "2024"]
[BlackICU "2337"]
[WhiteClub "Dun Laoghaire"]
[BlackClub "Gonzaga"]
[WhiteNationality "IRL"]
[BlackNationality "IRL"]
[WhiteFideId "2500736"]
[BlackFideId "628859"]
[PlyCount "70"]
[EventDate "2018.08.04"]
[Source "TWIC 1240"]

{ Event information: <a
href="https://www.irlchess.com/irlch2018_allfiles/pairings_irlch2018.html">Tournament
report</a>. }

1. e4 c5 2. Nc3 a6 3. a4 Nc6 4. g3 e6 5. Bg2 Nf6 6. Nge2 d5 7. exd5 exd5 8.
d4 cxd4 9. Nxd4 Be7 10. O-O O-O 11. Be3 Bg4 12. f3 Bd7 13. Bf2 Rc8 14. Nce2
Re8 15. c3 Bf8 16. Qd2 Na5 17. b3 g6 18. Rfe1 Bg7 19. Rab1 Qc7 20. Rec1 Qd8
21. Re1 h6 22. Nf4 Qc7 23. Rec1 Nc6 24. Nd3 Ne7 25. g4 Qd8 26. Re1 Nc6 27.
Nxc6 Bxc6 28. Bd4 Qd6 29. Bc5 Qb8 30. Bd4 Rxe1+ 31. Rxe1 Re8 32. Rxe8+ Qxe8
33. Qf4 Nd7 34. Bxg7 Kxg7 35. Qd4+ Kh7 { (Time) } 1-0

[Event "Irish Championship 2018"]
[Site "Dublin IRL"]
[Date "2018.08.04"]
[Round "1.5"]
[White "Wall, Gavin"]
[Black "Melaugh, Gavin"]
[Result "1-0"]
[WhiteTitle "IM"]
[WhiteElo "2341"]
[BlackElo "2029"]
[WhiteICU "2290"]
[BlackICU "1999"]
[WhiteClub "Richmond ENG"]
[BlackClub "Elm Mount"]
[WhiteNationality "IRL"]
[BlackNationality "IRL"]
[WhiteFideId "2501244"]
[BlackFideId "2509571"]
[PlyCount "123"]
[EventDate "2018.08.04"]
[Source "TWIC 1240"]

{ Event information: <a
href="https://www.irlchess.com/irlch2018_allfiles/pairings_irlch2018.html">Tournament
report</a>. }

1. e4 e6 2. d4 d5 3. e5 c5 4. c3 Nc6 5. Nf3 Bd7 6. dxc5 Bxc5 7. b4 Bb6 8.
Bd3 Nge7 9. b5 Na5 10. O-O a6 11. bxa6 bxa6 12. Qe2 Ng6 13. Bxa6 Qc7 14.
Na3 O-O 15. Bd2 Bc5 16. Nc2 Nc4 $2 (16... Nc6 $17) 17. Bxc4 $10 dxc4 18.
Rfe1 Ra5 19. Be3 Nxe5 20. Nxe5 Qxe5 21. Qxc4 Bd6 22. f4 Qf5 23. Nd4 Qf6 24.
Ne2 Rc8 25. Qd4 Qxd4 26. Bxd4 Rca8 27. Red1 Bb5 $6 (27... R5a6 $15) 28. Bb6
Bc5+ $6 (28... Ra3 $10) 29. Bxc5 Bxe2 30. Bb4 $14 R5a6 31. Rd4 Rc8 32. a4
h6 33. Kf2 Bc4 34. a5 Bd5 35. Rad1 Kh7 36. g4 Rc4 37. Rxc4 Bxc4 38. Rd7 Kg6
39. Ke3 Kf6 40. Kd4 Be2 41. h3 g5 42. fxg5+ hxg5 43. Ke3 Bf1 44. Rd1 Bc4
45. Kd4 Bd5 46. c4 Bg2 47. Rg1 Bc6 48. Rf1+ Kg6 49. Re1 Bg2 50. Re3 f5 51.
gxf5+ exf5 52. Rg3 Be4 $2 (52... Bf1 53. Be7 Kf7 54. Bxg5 Rxa5 55. h4 $16)
53. Bd2 $18 Rd6+ 54. Kc3 g4 55. hxg4 Rd7 56. Bc1 Kf6 57. g5+ Ke5 58. g6 Kf6
59. Kb4 Rb7+ 60. Kc5 Rc7+ 61. Kd6 Rb7 62. g7 1-0

[Event "Irish Championship 2018"]
[Site "Dublin IRL"]
[Date "2018.08.04"]
[Round "1.6"]
[White "Bourached, Anthony"]
[Black "Brady, Stephen"]
[Result "0-1"]
[BlackTitle "FM"]
[WhiteElo "2026"]
[BlackElo "2336"]
[WhiteICU "2083"]
[BlackICU "2279"]
[WhiteClub "T.C.D."]
[BlackClub "St. Benildus"]
[WhiteNationality "IRL"]
[BlackNationality "IRL"]
[WhiteFideId "2504456"]
[BlackFideId "2500124"]
[PlyCount "66"]
[EventDate "2018.08.04"]
[Source "TWIC 1240"]

{ Event information: <a
href="https://www.irlchess.com/irlch2018_allfiles/pairings_irlch2018.html">Tournament
report</a>. }

1. e4 e6 2. d4 d5 3. Nd2 Nf6 4. e5 Nfd7 5. Bd3 c5 6. c3 Nc6 7. Ngf3 a5 8.
O-O Be7 9. Re1 cxd4 10. cxd4 Qb6 11. a4 Nxd4 12. Nxd4 Qxd4 13. Nf3 Qb6 14.
Be3 Qd8 15. Rc1 O-O 16. Qc2 h6 17. Qe2 b6 18. Bb1 Re8 19. Nd4 Bc5 20. Nc6
Qh4 21. Qc2 g6 22. g3 Qh3 23. Bxc5 Nxc5 24. b4 axb4 25. a5 Nd7 26. axb6
Nxb6 27. Nxb4 Nc4 28. Qe2 Ba6 29. Bd3 Bb5 30. Qf3 Ra3 31. Rxc4 Bxc4 32. Bf5
Qxh2+ 33. Kxh2 Rxf3 0-1

[Event "Irish Championship 2018"]
[Site "Dublin IRL"]
[Date "2018.08.04"]
[Round "1.7"]
[White "Murphy, Conor E."]
[Black "Rush, Stephen"]
[Result "1-0"]
[WhiteTitle "FM"]
[WhiteElo "2336"]
[BlackElo "2025"]
[BlackICU "1903"]
[WhiteClub "Charlton ENG"]
[BlackClub "Strand"]
[WhiteNationality "IRL"]
[BlackNationality "IRL"]
[WhiteFideId "421669"]
[BlackFideId "2512173"]
[PlyCount "79"]
[EventDate "2018.08.04"]
[Source "TWIC 1240"]

{ Event information: <a
href="https://www.irlchess.com/irlch2018_allfiles/pairings_irlch2018.html">Tournament
report</a>. }

1. e4 e6 2. d4 d5 3. Nd2 c5 4. exd5 Qxd5 5. Ngf3 cxd4 6. Bc4 Qd6 7. O-O Nf6
8. Nb3 Nc6 9. Nbxd4 Nxd4 10. Nxd4 a6 11. Re1 Qc7 12. Bf1 Be7 13. Qf3 O-O
14. Bf4 Bd6 15. Bxd6 Qxd6 16. Rad1 Qc7 17. Re3 Nd5 18. Red3 b5 19. Qe4 Bb7
20. Rh3 Nf6 21. Qh4 Be4 22. Bd3 Bxd3 23. Rdxd3 Rfd8 24. Rhg3 Qe5 25. h3 Nd5
$2 (25... Kh8 $10) 26. Nc6 $16 Qe1+ 27. Kh2 Rd7 28. Rxd5 $1 exd5 29. Qf6 g6
30. Re3 Qb1 $2 ({ Now the queen is misplaced. Better } 30... Qd2 $16 { ,
e.g. } 31. Ne5 d4 32. Rf3 Raa7 { . }) 31. Ne5 Rc7 32. Ng4 h5 33. Nh6+ Kh7
34. Nf5 $1 Rg8 35. Qg5 gxf5 36. Qxh5+ Kg7 37. Qg5+ Kh7 38. Qh5+ Kg7 39.
Qg5+ Kh7 40. Qh4+ { And it's mate in 2. } 1-0

[Event "Irish Championship 2018"]
[Site "Dublin IRL"]
[Date "2018.08.04"]
[Round "1.8"]
[White "Manojlovic, Mihailo"]
[Black "O'Donnell, Conor"]
[Result "0-1"]
[BlackTitle "FM"]
[WhiteElo "1988"]
[BlackElo "2336"]
[WhiteICU "2022"]
[BlackICU "2312"]
[WhiteClub "St. Benildus"]
[BlackClub "Gonzaga"]
[WhiteNationality "IRL"]
[BlackNationality "IRL"]
[WhiteFideId "2507633"]
[BlackFideId "2504243"]
[PlyCount "72"]
[EventDate "2018.08.04"]
[Source "Scoresheet"]

{ Event information: <a
href="https://www.irlchess.com/irlch2018_allfiles/pairings_irlch2018.html">Tournament
report</a>. }

1. e4 c5 2. c3 g6 3. d4 cxd4 4. cxd4 d5 5. exd5 Nf6 6. Nc3 Nxd5 7. Bc4 Nb6
8. Bb3 Bg7 9. Nf3 O-O 10. O-O Bg4 11. h3 Bxf3 12. Qxf3 Nc6 13. Be3 Nxd4 14.
Qxb7 Nf5 15. Qf3 Nxe3 16. Qxe3 e6 17. Rfd1 Qh4 18. Qe2 Bxc3 19. bxc3 Rac8
20. Rd4 Qg5 21. Qd3 Rc7 22. Rd1 Kg7 23. Rb4 Qf6 24. c4 Rd7 25. Qc2 Rxd1+
26. Qxd1 Qc3 27. a3 Rc8 28. Rb5 Nxc4 29. Rb7 Na5 30. Rb4 Qb2 31. Qd7 Rc1+
32. Bd1 Qa1 33. Qd4+ e5 34. Qxa7 Rxd1+ 35. Kh2 Rh1+ 36. Kg3 Qxa3+ 0-1

[Event "Irish Championship 2018"]
[Site "Dublin IRL"]
[Date "2018.08.04"]
[Round "1.9"]
[White "Short, Philip"]
[Black "O'Neill, Paul"]
[Result "1-0"]
[WhiteTitle "FM"]
[WhiteElo "2333"]
[BlackElo "1985"]
[BlackICU "1991"]
[BlackClub "Elm Mount"]
[WhiteNationality "IRL"]
[BlackNationality "IRL"]
[WhiteFideId "2500086"]
[BlackFideId "2507692"]
[PlyCount "47"]
[EventDate "2018.08.04"]
[Source "TWIC 1240"]

{ Event information: <a
href="https://www.irlchess.com/irlch2018_allfiles/pairings_irlch2018.html">Tournament
report</a>. }

1. d4 d5 2. Nf3 e6 3. c4 a6 4. cxd5 exd5 5. Nc3 Nf6 6. Bg5 Be6 7. e3 Nbd7
8. Bd3 Bd6 9. Qc2 c6 10. O-O h6 11. Bf4 Qc7 12. Bxd6 Qxd6 13. Rab1 O-O 14.
b4 Rfe8 15. a4 Rac8 16. a5 Nb8 17. Na4 Nfd7 18. Qc3 Qe7 19. Nd2 Qg5 20. f4
Qh5 21. f5 Qg5 $4 (21... Nf6 $16) 22. Rbe1 Nf6 23. fxe6 fxe6 24. Nf3 1-0

[Event "Irish Championship 2018"]
[Site "Dublin IRL"]
[Date "2018.08.04"]
[Round "1.10"]
[White "Keogh, Eamon"]
[Black "Daly, Colm"]
[Result "0-1"]
[WhiteTitle "NM"]
[BlackTitle "FM"]
[WhiteElo "1960"]
[BlackElo "2329"]
[WhiteICU "1888"]
[BlackICU "2255"]
[WhiteClub "Kilkenny"]
[BlackClub "Bray/Greystones"]
[WhiteNationality "IRL"]
[BlackNationality "IRL"]
[WhiteFideId "2500264"]
[BlackFideId "2500434"]
[PlyCount "126"]
[EventDate "2018.08.04"]
[Source "TWIC 1240"]

{ Event information: <a
href="https://www.irlchess.com/irlch2018_allfiles/pairings_irlch2018.html">Tournament
report</a>. }

1. e4 d6 2. d4 g6 3. g3 Bg7 4. Bg2 a6 5. Ne2 h5 6. Nbc3 h4 7. gxh4 Rxh4 8.
Bf4 Rh8 9. Qd2 Bg4 10. O-O-O Nc6 11. h3 Bxe2 12. Nxe2 e5 13. dxe5 dxe5 14.
Qxd8+ Rxd8 15. Rxd8+ Nxd8 16. Be3 Ne6 17. f4 Bh6 18. Rf1 Nf6 19. Kd2 Ke7
20. fxe5 Nd7 21. b3 Nxe5 22. Bxh6 Rxh6 23. Ke3 Rh4 24. Nf4 Nxf4 25. Rxf4
Rh8 26. Rf2 g5 27. Rd2 c6 28. Kd4 Rd8+ 29. Kc3 Rxd2 30. Kxd2 Ng6 31. Bf1
Kd6 32. Ke3 Ke5 33. Be2 Nf4 34. Bg4 a5 35. c3 c5 36. a3 Kd6 37. Bf5 b6 38.
Kf3 f6 39. Bc8 Ng6 40. Ba6 Ke5 41. Bf1 Ne7 42. Bc4 Nc8 43. Bd3 Nd6 44. a4
Nf7 45. Bc4 Nd6 46. Bd3 Nc8 47. Bc4 Ne7 48. Bf1 Ng6 49. Ke3 Ne7 50. Kf3 f5
51. exf5 Nxf5 52. Bc4 Nd6 53. Ba6 Nf7 54. Kg4 Kf6 55. Kf3 Ne5+ 56. Ke3 Nf7
57. Bb7 Ke5 58. Kf3 Nd6 59. Bc6 c4 60. bxc4 Nxc4 61. Kg4 Kf6 62. h4 $4 (62.
Be4 $10 { . }) 62... Ne5+ 63. Kh5 Nxc6 0-1

[Event "Irish Championship 2018"]
[Site "Dublin IRL"]
[Date "2018.08.04"]
[Round "1.11"]
[White "O'Gorman, Tom"]
[Black "Cafolla, Peter"]
[Result "1/2-1/2"]
[WhiteTitle "FM"]
[WhiteElo "2258"]
[BlackElo "1955"]
[WhiteICU "2239"]
[BlackICU "1939"]
[WhiteClub "Dun Laoghaire"]
[BlackClub "Rathmines"]
[WhiteNationality "IRL"]
[BlackNationality "IRL"]
[WhiteFideId "2508249"]
[BlackFideId "2500884"]
[PlyCount "145"]
[EventDate "2018.08.04"]
[Source "TWIC 1240"]

{ Event information: <a
href="https://www.irlchess.com/irlch2018_allfiles/pairings_irlch2018.html">Tournament
report</a>. }

1. e4 c5 2. Nc3 Nc6 3. Nf3 e6 4. d4 cxd4 5. Nxd4 e5 6. Ndb5 a6 7. Nd6+ Bxd6
8. Qxd6 Qe7 9. Qd1 Nf6 10. Bg5 Qb4 11. Bxf6 gxf6 12. Bd3 d6 13. O-O Be6 14.
Nd5 Bxd5 15. exd5 Ne7 16. Qf3 Qh4 17. Rfe1 Qg5 18. c4 Rc8 19. Qe3 Qxe3 20.
fxe3 f5 21. a4 Rg8 22. a5 h5 23. Rf1 Rg5 24. b4 h4 25. Rab1 e4 26. Be2 Ng6
27. b5 Rc5 28. Rb4 Ne5 29. Rfb1 Nd3 30. Bxd3 exd3 31. bxa6 bxa6 32. Ra4 Rg4
33. Rd1 Rxd5 34. cxd5 Rxa4 35. Rxd3 Rxa5 36. Rd4 Ke7 37. Kf2 Kf6 38. Rxh4
Rxd5 39. Kf3 Rb5 40. Rh6+ Ke5 41. Rh7 Kf6 42. Rh6+ Ke5 43. Rh8 a5 44. Rc8
Kf6 45. Rc4 Rd5 46. h4 Kg6 47. Kf4 f6 48. g3 Kh5 49. e4 fxe4 50. Kxe4 Re5+
51. Kf4 Rd5 52. Rc7 Kg6 53. g4 Rd4+ 54. Kf3 Rd5 55. h5+ Kh6 56. Kf4 Re5 57.
Rf7 a4 58. Rxf6+ Kg7 59. Rxd6 Ra5 60. h6+ Kh7 61. g5 a3 62. Rd7+ Kg8 63.
Rd8+ Kh7 64. Rd7+ Kg8 65. g6 Ra8 66. h7+ Kh8 67. Rd1 a2 68. Ra1 Kg7 69. Kf5
Ra5+ 70. Ke4 Rh5 71. h8=Q+ Rxh8 72. Rxa2 Kxg6 73. Rg2+ 1/2-1/2

[Event "Irish Championship 2018"]
[Site "Dublin IRL"]
[Date "2018.08.04"]
[Round "1.12"]
[White "Tirziman, Rudolf"]
[Black "Li, Henry"]
[Result "0-1"]
[WhiteElo "1943"]
[BlackElo "2232"]
[WhiteICU "1902"]
[BlackICU "2207"]
[WhiteClub "Blanchardstown"]
[BlackClub "Gonzaga"]
[WhiteNationality "IRL"]
[BlackNationality "IRL"]
[WhiteFideId "2508664"]
[BlackFideId "2508524"]
[PlyCount "58"]
[EventDate "2018.08.04"]
[Source "TWIC 1240"]

{ Event information: <a
href="https://www.irlchess.com/irlch2018_allfiles/pairings_irlch2018.html">Tournament
report</a>. }

1. Nf3 Nf6 2. d4 g6 3. Nbd2 Bg7 4. e4 d6 5. Bd3 O-O 6. O-O Nh5 7. Re1 e5 8.
d5 Nd7 9. c4 a5 10. Nb1 Nc5 11. Bc2 Nf4 12. h3 g5 13. Nh2 f5 14. exf5 Bxf5
15. Bxf5 Rxf5 16. Nc3 Nfd3 17. Re2 Nf4 18. Re3 c6 19. Qc2 Qf8 20. Nf1 cxd5
21. cxd5 Rf7 22. Rg3 h6 23. Ne3 Rc8 24. a4 e4 25. Ng4 Ncd3 26. h4 Bxc3 27.
bxc3 Rxc3 28. Qd2 Rxc1+ 29. Rxc1 Nxc1 0-1

[Event "Irish Championship 2018"]
[Site "Dublin IRL"]
[Date "2018.08.04"]
[Round "1.13"]
[White "Delaney, Killian"]
[Black "Nolan, Conor"]
[Result "1/2-1/2"]
[WhiteElo "2206"]
[BlackElo "1935"]
[WhiteICU "2206"]
[BlackICU "1914"]
[WhiteClub "Gonzaga"]
[BlackClub "Gonzaga"]
[WhiteNationality "IRL"]
[BlackNationality "IRL"]
[WhiteFideId "2501570"]
[BlackFideId "2509466"]
[PlyCount "60"]
[EventDate "2018.08.04"]
[Source "TWIC 1240"]

{ Event information: <a
href="https://www.irlchess.com/irlch2018_allfiles/pairings_irlch2018.html">Tournament
report</a>. }

1. e4 e5 2. Nf3 Nc6 3. Bc4 Bc5 4. c3 Nf6 5. d3 a6 6. O-O d6 7. a4 a5 8. Re1
O-O 9. h3 h6 10. Nbd2 Re8 11. Nf1 Ba7 12. Ng3 Be6 13. Bb5 Bd7 14. d4 exd4
15. cxd4 Nb4 16. Bf1 d5 17. e5 Ne4 18. Bd3 Nxg3 19. fxg3 Nxd3 20. Qxd3 c5
21. g4 Re6 22. Be3 Qe7 23. dxc5 Bxc5 24. Qxd5 Bxe3+ 25. Rxe3 Bc6 26. Qc4
Bxf3 27. Rxf3 Rxe5 28. Raf1 Rf8 29. Rf5 Rxf5 30. Rxf5 Rd8 1/2-1/2

[Event "Irish Championship 2018"]
[Site "Dublin IRL"]
[Date "2018.08.04"]
[Round "1.14"]
[White "O'Gorman, Alice"]
[Black "Freeman, Gordon"]
[Result "1/2-1/2"]
[WhiteElo "1896"]
[BlackElo "2205"]
[WhiteICU "1779"]
[BlackICU "2159"]
[WhiteClub "Dun Laoghaire"]
[BlackClub "Gonzaga"]
[WhiteNationality "IRL"]
[BlackNationality "IRL"]
[WhiteFideId "2508214"]
[BlackFideId "2501309"]
[PlyCount "29"]
[EventDate "2018.08.04"]
[Source "TWIC 1240"]

{ Event information: <a
href="https://www.irlchess.com/irlch2018_allfiles/pairings_irlch2018.html">Tournament
report</a>. }

1. e4 c5 2. Nf3 e6 3. d4 cxd4 4. Nxd4 a6 5. Nc3 Qc7 6. Be3 b5 7. Qd2 Bb7 8.
f3 Nc6 9. O-O-O Rc8 10. Ndxb5 axb5 11. Nxb5 Qd8 12. Bb6 Qe7 13. Bc5 Qd8 14.
Bb6 Qe7 15. Bc5 1/2-1/2

[Event "Irish Championship 2018"]
[Site "Dublin IRL"]
[Date "2018.08.04"]
[Round "1.15"]
[White "Wallace, Paul"]
[Black "Nemeth, Zalan"]
[Result "1-0"]
[WhiteElo "2202"]
[BlackElo "1876"]
[WhiteICU "2182"]
[BlackICU "1818"]
[WhiteClub "Kilkenny"]
[BlackClub "Galway"]
[WhiteNationality "IRL"]
[BlackNationality "IRL"]
[WhiteFideId "2500892"]
[BlackFideId "2512041"]
[PlyCount "34"]
[EventDate "2018.08.04"]
[Source "TWIC 1240"]

{ Event information: <a
href="https://www.irlchess.com/irlch2018_allfiles/pairings_irlch2018.html">Tournament
report</a>. }

1. e4 c5 2. Nf3 e6 3. d4 cxd4 4. Nxd4 Nc6 5. Nxc6 bxc6 6. Bd3 Nf6 7. O-O d5
8. Nd2 e5 9. Qe2 Bd6 10. f4 Bg4 11. Qe1 Qb6+ 12. Kh1 O-O-O 13. fxe5 Bxe5
14. exd5 Qc7 15. Ba6+ Kb8 16. Nc4 Bxh2 17. d6 Bxd6 1-0

[Event "Irish Championship 2018"]
[Site "Dublin IRL"]
[Date "2018.08.04"]
[Round "1.16"]
[White "Scott, Luke"]
[Black "Moran, Stephen"]
[Result "0-1"]
[WhiteElo "1873"]
[BlackElo "2155"]
[WhiteICU "1795"]
[BlackICU "2095"]
[WhiteClub "T.C.D."]
[BlackClub "T.C.D."]
[WhiteNationality "IRL"]
[BlackNationality "IRL"]
[WhiteFideId "2507986"]
[BlackFideId "2501872"]
[PlyCount "118"]
[EventDate "2018.08.04"]
[Source "TWIC 1240"]

{ Event information: <a
href="https://www.irlchess.com/irlch2018_allfiles/pairings_irlch2018.html">Tournament
report</a>. }

1. d4 Nf6 2. c4 g6 3. Nc3 d5 4. Nf3 Bg7 5. Qb3 dxc4 6. Qxc4 O-O 7. e4 Nc6
8. e5 Nd7 9. Be3 Nb6 10. Qd3 Bf5 11. Qd2 Nb4 12. Rc1 c6 13. Be2 Qd7 14. a3
N4d5 15. Bh6 Rfd8 16. h4 Bh8 17. h5 Nc7 18. hxg6 Bxg6 19. Bd1 Ne6 20. Ne2
c5 21. dxc5 Qxd2+ 22. Bxd2 Nd7 23. c6 Nxe5 24. Nxe5 Bxe5 25. cxb7 Rab8 26.
Bc3 Bxc3+ 27. Rxc3 Rxb7 28. b4 Rbd7 29. Bb3 Rd2 30. Rh4 Rb2 31. Bxe6 fxe6
32. Nd4 e5 33. Nc6 Rdd2 34. Nxe7+ Kg7 35. Nxg6 Re2+ 36. Kd1 Rxf2 37. Kc1
Ra2 38. Kb1 Rfb2+ 39. Kc1 Rf2 40. Kb1 Rfb2+ 41. Kc1 Rxg2 42. Kb1 Rab2+ 43.
Kc1 Rbe2 44. Kb1 hxg6 45. Rhc4 Kf6 46. Rc6+ Kf5 47. Ra6 e4 48. Rxa7 e3 49.
Rc5+ Kg4 50. Rg7 Kf3 51. Rf7+ Kg3 52. Rg5+ Kh2 53. Rh7+ Kg1 54. Rc5 Re1+
55. Rc1 Kf2 56. Re7 Rxc1+ 57. Kxc1 Rg1+ 58. Kc2 e2 59. Rf7+ Kg3 0-1

[Event "Irish Championship 2018"]
[Site "Dublin IRL"]
[Date "2018.08.04"]
[Round "1.17"]
[White "Murray, David"]
[Black "Nolan, Dermot"]
[Result "1-0"]
[WhiteElo "2149"]
[BlackElo "1841"]
[WhiteICU "2123"]
[BlackICU "1759"]
[WhiteClub "Gonzaga"]
[BlackClub "Gonzaga"]
[WhiteNationality "IRL"]
[BlackNationality "IRL"]
[WhiteFideId "2501511"]
[BlackFideId "2510260"]
[PlyCount "59"]
[EventDate "2018.08.04"]
[Source "TWIC 1240"]

{ Event information: <a
href="https://www.irlchess.com/irlch2018_allfiles/pairings_irlch2018.html">Tournament
report</a>. }

1. c4 Nf6 2. Nc3 g6 3. e4 d6 4. Nge2 Bg7 5. d4 O-O 6. f3 c5 7. d5 Nbd7 8.
g4 Ne5 9. Ng3 e6 10. g5 Ne8 11. f4 Nd7 12. h4 Qe7 13. Bd3 Nc7 14. Qe2 a6
15. a4 Re8 16. h5 a5 17. Bd2 Na6 18. hxg6 hxg6 19. O-O-O Nb4 20. dxe6 fxe6
21. Nb5 Nb6 22. e5 dxe5 23. Bxg6 exf4 24. Bxe8 Qxe8 25. Bxf4 Nxa4 26. Qe4
Bxb2+ 27. Kb1 Nc3+ 28. Nxc3 Bxc3 29. Qh7+ Kf8 30. Bd6+ 1-0